[Event "EICC 2017"]
[Site "Minsk"]
[Date "2017.05.31"]
[Round "2"]
[White "Saric, Ivan"]
[Black "Theodorou, Nikolas"]
[Result "0-1"]
[WhiteElo "2618"]
[BlackElo "2495"]
[Annotator "TA"]
[PlyCount "144"]
[EventDate "2017.??.??"]
[EventCountry "BLR"]
[SourceTitle "playchess.com"]
[Source "ChessBase"]
[SourceQuality "1"]

{[%evp 20,144,16,13,13,16,19,19,18,0,0,0,0,-8,21,30,43,0,-20,-25,29,-198,-178,-178,-133,-212,-179,-236,-110,-107,-81,-300,-331,-312,-317,-325,-319,-564,-567,-543,-490,-464,0,-470,0,-374,0,0,0,0,0,0,0,0,0,0,0,-181,-37,-91,0,-186,-187,-156,-176,-158,-161,-176,-129,-355,-355,-839,-568,-649,-656,-590,-649,-649,-649,-649,-649,-627,-620,-601,0,0,0,-568,-551,-527,-491,-426,-114,-379,-370,-366,-341,-261,-258,-29950,-29954,-29941,-5653,-3876,-2007,-29963,-29962,-29963,-29958,-29963,-29960,-29957,-29961,-29969,-919,-29968,-29969,-29969,-29970,-29971,-29971,-29968,-29970,-29967,-29940,-29991,-922]} 1. c4 Nf6 2. g3 g6 3. Bg2 Bg7 4. Nc3 O-O 5. e4 d6 6. Nge2 c5 7. O-O Nc6 8. d3 Bd7 9. a3 Ne8 {A36: Symmetrical English vs ...g6: 4 Bg2 Bg7} 10. Rb1 a5 11. Be3 {LiveBook: 6 Games} Nd4 {The position is equal.} 12. b4 axb4 13. axb4 b6 14. Qd2 Nc7 {[%cal Be8c7,Bc7a6,Ba6b4,Bb4d3][%mdl 32]} 15. f4 Ra3 {[#]} 16. f5 $1 {[%mdl 512]} Nxe2+ (16... gxf5 17. bxc5) 17. Nxe2 Na6 $146 18. b5 (18. Bh6 $14 f6 19. b5) 18... Nb4 $11 19. Nc1 e6 ({Better is} 19... d5 20. Bh6 d4) 20. Bh6 $2 (20. Bg5 $1 $11 {and White stays safe.} Bf6 21. Bxf6 Qxf6 22. d4 $1 {[%mdl 512]} exf5 23. dxc5 bxc5 24. exf5) 20... Bxh6 $19 21. Qxh6 exf5 22. Ne2 (22. Rb2 $17 {was worth a try.}) 22... Nxd3 {Hoping for ...fxe4.} 23. Rbd1 (23. Nf4 {is a better defense.}) 23... Qe7 (23... fxe4 $19 {and Black stays clearly on top. Strongly threatening ...Bg4.} 24. Bxe4 Ne5) 24. Nf4 $17 Nxf4 $1 (24... fxe4 $2 25. Nd5 $18) 25. Rxf4 $2 (25. Qxf4 $17 {only move.} fxe4 26. Bxe4) 25... Re8 $19 26. Rh4 f6 27. e5 fxe5 (27... dxe5 28. Bd5+ Kh8 29. Bc6 $17) 28. Rxd6 $2 (28. Bd5+ Kh8 29. Bc6 Bxc6 30. bxc6) 28... Ra1+ (28... Qxd6 29. Bd5+ Be6 30. Qxh7+ Kf8 31. Qxg6 $11) 29. Kf2 Ra2+ ({Stronger than} 29... Qxd6 30. Bd5+ Be6 31. Qxh7+ Kf8 32. Qxg6 $11) 30. Kf1 Ra1+ ({And not} 30... Qxd6 31. Bd5+ Be6 32. Qxh7+ Kf8 33. Qxg6 $11) 31. Kf2 Ra2+ ({Weaker is} 31... Qxd6 32. Bd5+ Be6 33. Qxh7+ Kf8 34. Qxg6 $11) 32. Kf1 $1 Qxd6 $2 (32... e4 $1 $19 33. Rxg6+ hxg6 34. Qh8+ Kf7 35. Rh7+ Ke6 36. Rxe7+ Kxe7 37. Qg7+ Kd8) 33. Bd5+ $11 Be6 34. Qxh7+ Kf8 35. Qxg6 {Threatening mate with Qf6+.} Ke7 36. Rh7+ $1 Kd8 37. Qf6+ $1 Kc8 {...f4 is the strong threat.} 38. Qg6 $2 (38. Rh8 $1 $11 {and White is okay.} Rxh8 39. Bxe6+ Kb7 40. Qg7+ Kb8 41. Qxh8+ Kb7 42. Qh7+ Kb8 43. Qg8+ Kb7 44. Bd5+ Kc7 45. Qg7+ Kd8 46. Qg8+ Ke7 47. Qh7+ Ke8 48. Qg8+ Ke7 49. Qh7+ Ke8 50. Qg8+ Ke7) 38... Ra1+ (38... Rd8 $1 $19 39. Qxe6+ Qxe6 40. Bxe6+ Kb8) 39. Kf2 (39. Ke2 $15 Ra2+ 40. Kf1) 39... Ra2+ (39... Rd8 $1 $17 40. Qxe6+ Qxe6 41. Bxe6+ Kb8 42. Bxf5 Rd4) 40. Kf1 $1 $19 Rd8 $1 41. Qxe6+ Qxe6 42. Bxe6+ {[%mdl 4096] Endgame KRR-KRB} Kb8 {[%cal Rd8d1]} 43. Bd5 e4 44. h4 $2 {[#]} (44. Rb7+ $17 Kc8 45. Rxb6) 44... f4 $1 45. g4 $2 (45. gxf4 Rf8 46. Rb7+ Kc8 47. Rf7 Rxf7 48. Bxf7) 45... e3 46. Re7 Rxd5 47. cxd5 {[#] KR-KR} c4 $1 {[%cal Bc5c4,Bc4c3][%mdl 32]} 48. d6 {Black must now prevent Re8+.} Rd2 49. Rf7 c3 50. Rf8+ Kb7 51. Rf7+ Kb8 52. Rf8+ $1 Kb7 53. Rf7+ {[#]} Kc8 $1 54. Rc7+ Kd8 {( -> ...f3)} 55. Rxc3 Rh2 $2 (55... Kd7 $19 {is more deadly.} 56. g5 Rf2+ 57. Ke1 Rh2) 56. h5 $2 {[%mdl 8192]} (56. g5 $17 Kd7 57. g6 Rxh4 58. g7) 56... Kd7 57. Rd3 {If White can now play Ke1 this consolidates a bit.} Rh4 58. Ke2 Rxg4 {Threatens to win with ...Rg2+.} 59. Kf3 $2 (59. Rd1 $19) 59... Rg3+ 60. Kxf4 {[#]} e2 $1 {[%mdl 512]} 61. Rxg3 e1=Q {KQ-KR} 62. Rh3 Qd2+ 63. Kf5 Qd5+ 64. Kg4 Qe6+ 65. Kh4 Kxd6 66. Rg3 Kc5 (66... Qe1 $142 67. Kg4 Ke5 68. Rg2 Qe4+ 69. Kg3 Qf4+ 70. Kh3 Qf3+ 71. Kh2 Qxh5+ 72. Kg3 Ke4 73. Ra2 Qxb5 74. Ra7 Qd3+ 75. Kf2 b5 76. Re7+ Kd5 77. Re8 b4 78. Rf8 b3 79. Rf7 Qc2+ 80. Kf3 Qc6 81. Rf8 b2 82. Rb8 Kc4+ 83. Kf2 Qf6+ 84. Kg2 Qg5+ 85. Kh1 Qh4+ 86. Kg2 Qg4+ 87. Kh1 Qf3+ 88. Kh2 Qf4+ 89. Kh3 Qxb8 90. Kg4 b1=Q 91. Kg5 Qf8 92. Kh5 Qff5+ 93. Kh6 Qg6#) 67. Rg5+ Kd4 {Black mates.} 68. Rg6 Qe1+ 69. Kg5 Qe3+ 70. Kh4 Ke5 71. Rg7 Qf2+ 72. Kg5 Qf6+ {Precision: White = 41%, Black = 61%.} 0-1

[Event "EICC 2017"]
[Site "Minsk"]
[Date "2017.05.31"]
[Round "2"]
[White "Banusz, Tamas"]
[Black "Matinian, Nikita"]
[Result "1/2-1/2"]
[WhiteElo "2616"]
[BlackElo "2491"]
[Annotator "TA"]
[PlyCount "59"]
[EventDate "2017.??.??"]
[EventCountry "BLR"]
[SourceTitle "playchess.com"]
[Source "ChessBase"]
[SourceQuality "1"]

{[%evp 15,59,28,28,28,34,27,37,20,18,11,21,10,33,28,29,29,32,28,32,29,35,32,37,0,0,0,0,0,0,0,0,-18,-10,-6,0,0,0,13,14,6,8,0,0,0,0,-16]} 1. Nf3 Nf6 2. c4 g6 3. g3 Bg7 4. Bg2 c6 5. O-O O-O 6. b3 Ne4 7. d4 d5 8. Bb2 Bf5 9. e3 {D78: Fianchetto Grünfeld: 6 0-0 c6} Nd7 10. Qe2 a5 11. Nc3 {White is slightly better.} Nxc3 12. Bxc3 Be4 13. Rfc1 {[#]} Qb6 $146 ({Predecessor:} 13... e6 14. Bf1 Bxf3 15. Qxf3 Re8 16. Rab1 Bf8 17. Rd1 Qc7 18. e4 dxe4 19. Qxe4 Bg7 20. Bg2 Nb6 {½-½ (20) Riazantsev,A (2671)-Li,C (2720) Sharjah 2017}) 14. Bh3 Bxf3 15. Qxf3 e6 16. Rab1 Rfc8 17. Qe2 Qd8 18. a4 h5 19. cxd5 cxd5 {The position is equal.} 20. Qb5 Bf8 21. Bd2 ({Don't blunder} 21. Qxb7 $2 Rcb8 $19) (21. Bf1 $5 {[%cal Rc3a5]}) 21... b6 22. Bf1 Nf6 23. f3 Ne8 (23... h4 $5) 24. Qd3 Bb4 25. Bxb4 axb4 26. Qd2 Qd6 27. Bb5 Ng7 28. e4 dxe4 29. fxe4 e5 30. d5 {Precision: White = 62%, Black = 60%.} 1/2-1/2

[Event "EICC 2017"]
[Site "Minsk"]
[Date "2017.05.31"]
[Round "2"]
[White "Erdos, Viktor"]
[Black "Iljiushenok, Ilia"]
[Result "1/2-1/2"]
[WhiteElo "2614"]
[BlackElo "2489"]
[Annotator "TA"]
[PlyCount "49"]
[EventDate "2017.??.??"]
[EventCountry "BLR"]
[SourceTitle "playchess.com"]
[Source "ChessBase"]
[SourceQuality "1"]

{[%evp 17,49,24,21,21,25,26,27,27,26,18,25,18,25,25,24,16,54,26,49,25,54,19,32,0,43,14,30,23,56,18,21,7,11,10]} 1. Nf3 Nf6 2. c4 g6 3. g3 Bg7 4. Bg2 O-O 5. O-O d6 6. d4 Nc6 7. Nc3 a6 8. Re1 Rb8 9. Rb1 Bf5 10. e4 {E63: King's Indian: Fianchetto: Panno Variation with 7...a6} Bg4 11. Be3 Qc8 12. Rc1 $146 {White has an edge.} ({Predecessor:} 12. Qd3 Bxf3 13. Bxf3 Ng4 14. Bxg4 Qxg4 15. Kg2 f5 16. Qd1 e5 17. d5 Nd4 {1-0 (38) Fressinet,L (2711)-Renet,O (2480) Saint-Quentin 2014}) 12... Re8 13. Qd3 Bxf3 14. Bxf3 Ng4 15. Bxg4 Qxg4 16. Kg2 Qd7 17. a3 e6 18. b4 Ne7 19. Bg5 Nc6 20. Be3 Ne7 21. Rc2 f5 22. f3 {[%cal Bf2f3,Bf3e4][%mdl 32]} fxe4 23. fxe4 Rf8 24. Rf2 Rxf2+ 25. Bxf2 {Precision: White = 59%, Black = 44%.} 1/2-1/2

[Event "EICC 2017"]
[Site "Minsk"]
[Date "2017.05.31"]
[Round "2"]
[White "Hracek, Zbynek"]
[Black "Hamitevici, Vladimir"]
[Result "1-0"]
[WhiteElo "2612"]
[BlackElo "2487"]
[Annotator "TA"]
[PlyCount "101"]
[EventDate "2017.??.??"]
[EventCountry "BLR"]
[SourceTitle "playchess.com"]
[Source "ChessBase"]
[SourceQuality "1"]

{[%evp 17,101,57,78,50,66,62,66,48,104,117,136,16,11,16,14,28,68,81,125,127,182,192,202,44,41,43,99,89,100,0,1,102,2,14,117,109,99,96,115,104,183,140,184,186,219,225,209,175,341,210,341,341,341,341,332,277,322,300,303,284,271,0,273,0,263,0,271,277,288,272,275,272,269,251,248,252,280,244,239,230,408,403,479,460,412,414]} 1. d4 g6 2. e4 Bg7 3. Nc3 c6 4. f4 d5 5. e5 Nh6 6. Nf3 f6 7. Be3 Bg4 8. h3 Bxf3 9. Qxf3 O-O 10. Qe2 {B15: Caro-Kann: 3 Nc3: 3...g6 and 3...dxe4 4 Nxe4 Nf6 5 Nxf6+ exf6} fxe5 11. dxe5 e6 (11... g5 12. fxg5 Nf5 13. Bf2 e6 14. h4 Nd7 15. O-O-O Nxe5 16. g4 Nd6 17. Bd4 {½-½ (42) Vishnu,P (2449)-Iordachescu,V (2634) Al Ain 2014}) 12. O-O-O {White is slightly better.} Nd7 ({Black should play} 12... Nf5 $14) 13. h4 $16 c5 $146 ({Predecessor:} 13... Nf5 14. Bf2 Bh6 15. g3 b5 16. h5 g5 17. Qg4 Kh8 {½-½ (63) Fussnecker,M (1999)-Benninger,R (2154) Frankfurt 2011}) 14. Nb5 (14. Bd2 $1 $16) 14... Nf5 $11 {Threatens to win with ...Bh6.} 15. Bf2 a6 16. Nc3 b5 17. g3 Qc7 18. h5 g5 (18... Rf7 $16 {was necessary.}) 19. h6 $1 $18 Nxh6 (19... Bxh6 20. Qg4 $16) 20. Rxh6 $2 ({Not} 20. Qd3 $2 Nxe5 21. Qe2 gxf4 $19) (20. fxg5 $18 Nf7 21. Qh5) 20... Bxh6 $14 21. Qh5 Kg7 ({Black should try} 21... Bg7 $14 22. Bd3 h6) 22. Bd3 $16 Nxe5 23. Qxh6+ ({Better is} 23. fxe5 $16 c4 24. Rh1 cxd3 25. Qxh6+ Kh8 26. Bb6 $1 {[%mdl 512]}) 23... Kxh6 $11 24. Rh1+ Kg7 25. Rxh7+ Kf6 (25... Kg8 $1 $11 {remains equal.} 26. Rxc7 Nxd3+ 27. cxd3 gxf4) 26. Rxc7 $16 Nxd3+ 27. cxd3 Rac8 28. Rxc5 Kf5 (28... gxf4 $16 29. gxf4 Rh8) 29. Ne2 Kg4 {Hoping for ...Kf3.} 30. Kd2 Kf3 31. Rxc8 Rxc8 32. Bd4 g4 $2 (32... gxf4 33. Nxf4 (33. gxf4 Rg8 $11) 33... Rc6) 33. Bf6 Re8 (33... b4 {might work better.} 34. Bh4 Re8 35. Nd4+ Kf2) 34. b4 $18 Kf2 35. a3 Kf3 36. Be5 Kf2 37. Bd4+ Kf3 38. Bf6 Kf2 39. Bd4+ Kf3 40. Be5 Kf2 41. Bf6 Kf3 $1 42. Bh4 e5 {intending ...exf4.} 43. fxe5 Rxe5 44. Nd4+ Kf2 {[#]} 45. Bd8 $1 Re1 46. Bc7 Re7 47. Bf4 Re8 48. Nf5 Kf3 $2 {[#]} (48... Re2+ 49. Kc3 Ra2) 49. Kc3 $1 Rf8 50. Ne7 Ke2 51. Nxd5 {Precision: White = 61%, Black = 37%.} 1-0

[Event "EICC 2017"]
[Site "Minsk"]
[Date "2017.05.31"]
[Round "2"]
[White "Onischuk, Vladimir"]
[Black "Khegay, Dmitriy"]
[Result "1/2-1/2"]
[WhiteElo "2608"]
[BlackElo "2482"]
[Annotator "TA"]
[PlyCount "130"]
[EventDate "2017.??.??"]
[EventCountry "BLR"]
[SourceTitle "playchess.com"]
[Source "ChessBase"]
[SourceQuality "1"]

{[%evp 10,130,16,0,0,0,0,0,0,0,0,0,0,0,0,0,-3,-6,0,0,0,0,0,0,7,7,10,0,8,-5,6,6,6,0,0,0,27,30,37,45,29,36,47,47,49,44,62,60,58,46,46,46,47,52,50,41,43,41,48,28,29,28,28,28,28,28,44,28,28,28,28,28,28,28,28,28,28,0,28,21,21,21,21,21,21,21,21,21,21,8,8,7,7,7,7,7,7,7,7,0,0,0,0,0,0,0,0,0,0,0,0,0,0,0,0,0,0,0,0,0,8,8,8]} 1. e4 e6 2. d4 d5 3. Nc3 Bb4 4. exd5 exd5 5. Bd3 Nf6 6. a3 (6. Nge2 {keeps more tension.} O-O 7. O-O Re8 8. a3 Bf8 9. h3) 6... Bxc3+ {C01: French: Exchange Variation} (6... Be7 7. h3 Nbd7 8. Nf3 c5 9. O-O O-O 10. Bf4 a6 11. Re1 Re8 12. Qd2 c4 13. Be2 b5 14. Ne5 {0-1 (35) Smeets,J (2615)-Naiditsch,A (2708) Wijk aan Zee 2013}) 7. bxc3 O-O 8. Ne2 Nbd7 9. O-O Re8 10. Ng3 $146 ({Predecessor:} 10. c4 c6 11. cxd5 cxd5 12. c4 dxc4 13. Bxc4 Nb6 14. Ba2 {0-1 (54) Ludwig,S-Flecker,W St Veit 1995}) 10... c5 11. dxc5 Nxc5 12. Be3 Bg4 13. Qc1 Nxd3 14. cxd3 Nh5 15. Qb2 Nxg3 16. hxg3 b6 17. a4 Rc8 18. Rfe1 Bf5 19. Qd2 Qf6 20. Bd4 Qg6 21. Qa2 Qc6 22. Red1 Re6 23. Qd2 Rce8 24. Qf4 Bg6 25. g4 Qd6 26. Qxd6 Rxd6 27. a5 f6 28. axb6 axb6 29. Ra7 Rde6 30. Kh2 Re1 31. Rxe1 Rxe1 $14 {[%mdl 4096] Endgame KRB-KRB} 32. g5 Re6 33. gxf6 gxf6 34. Rb7 Bxd3 35. Bxb6 Ba6 36. Rb8+ Kf7 37. Bd4 Bc4 38. Kg3 Kg6 39. Rb7 h5 40. Rd7 Ra6 41. Rd8 Re6 42. Rh8 Re7 43. Rd8 Re6 44. f3 Ra6 {The position is equal.} 45. Rg8+ Kh7 46. Rb8 Kg6 47. Rd8 Re6 48. Rh8 Ra6 49. Be3 Ra3 50. Rh6+ Kg7 $1 51. Rxh5 {With the idea Bd4.} Rxc3 52. Bd4 Rd3 53. Rh4 Rd2 54. Be3 Ra2 55. Rh1 Re2 56. Bd4 Rd2 57. Bc3 Rc2 58. Ba1 Kg6 59. Rb1 Ra2 60. Kf4 Ra4 61. Rc1 Bf1+ 62. Kg3 Bd3 63. Bb2 Rb4 64. Bc3 Rb1 65. Rxb1 Bxb1 {Precision: White = 67%, Black = 76%.} 1/2-1/2

[Event "EICC 2017"]
[Site "Minsk"]
[Date "2017.05.31"]
[Round "2"]
[White "Mista, Aleksander"]
[Black "Ali Marandi, Cemil Can"]
[Result "1/2-1/2"]
[WhiteElo "2606"]
[BlackElo "2479"]
[Annotator "TA"]
[PlyCount "205"]
[EventDate "2017.??.??"]
[EventCountry "BLR"]
[SourceTitle "playchess.com"]
[Source "ChessBase"]
[SourceQuality "1"]

{[%evp 20,204,62,60,61,66,63,62,59,58,74,20,39,0,0,0,0,0,30,29,30,29,35,29,29,39,33,31,38,27,48,48,49,49,49,0,0,0,0,0,0,0,0,0,0,0,0,0,0,0,0,0,0,19,13,13,13,13,13,13,13,13,13,13,16,13,13,13,8,0,0,0,13,13,13,13,13,0,0,0,0,0,13,0,0,0,0,0,0,0,0,0,0,0,0,0,0,0,484,484,484,0,484,484,484,484,510,83,404,352,484,484,484,15,5104,5106,29973,29974,29974,5093,29978,29979,29982,29983,29982,29984,29984,29982,29982,29983,29982,29982,29982,29983,29983,29982,29982,29983,29983,29984,29984,29985,29985,484,484,484,484,484,484,484,484,484,484,484,484,484,452,277,429,476,483,483,489,0,0,0,0,0,0,0,0,0,0,0,0,0,0,0,0,0,0,0,0,0,0,0,0]} 1. e4 e5 2. Nf3 Nc6 3. Bb5 f5 4. Nc3 fxe4 5. Nxe4 Nf6 6. Nxf6+ Qxf6 7. Qe2 Be7 8. Bxc6 bxc6 9. Nxe5 {C63: Ruy Lopez: Schliemann/Jaenisch Defence} Qe6 10. Nf3 Qxe2+ 11. Kxe2 {LiveBook: 4 Games. White is slightly better.} c5 12. Re1 Bb7 13. Kf1 $1 Bxf3 14. gxf3 Rf8 {[#]} 15. Re3 $146 (15. d4 $16) ({Predecessor:} 15. Kg2 Rf5 16. d3 d5 {½-½ (30) Karjakin,S (2776)-Radjabov,T (2744) Medias 2011}) 15... d6 16. b3 Kd7 17. Bb2 Bg5 18. Rd3 Bf6 19. Bxf6 Rxf6 $11 {[%mdl 4096] Endgame KRR-KRR} 20. Re1 Raf8 21. Re4 Rxf3 22. Rxf3 Rxf3 {KR-KR} 23. Rh4 h6 24. Ra4 Rf5 25. Rxa7 Rh5 26. Ra4 Rxh2 27. Rg4 (27. Kg1 $5 {[%cal Rg1h2]} Rh3 28. Rg4 $14) 27... Rh1+ $1 28. Rg1 Rxg1+ 29. Kxg1 {KP-KP} d5 30. c3 {[%cal Bc2c3,Bc3c4][%mdl 32]} Kc6 31. a4 Kb6 32. d3 $1 Ka5 33. c4 $1 {[%cal Rc4d5]} d4 34. f4 g6 35. Kf2 Kb4 36. Kg3 Kc3 (36... Kxb3 $2 37. a5 $18) 37. a5 Kxd3 {And now ...Kc3 would win.} 38. a6 Kc2 39. a7 d3 $1 {[%cal Rd3d2] Hoping for ...d2.} 40. a8=Q d2 41. Qe4+ Kc1 42. Qxg6 (42. Qe3 $5 {[%cal Re3c3]} Kc2 43. Qe4+ (43. Qxc5 d1=Q $11) (43. Qe2 Kc1 $16) 43... Kc1 44. f5 (44. Qxg6 d1=Q $11) (44. Qe3 Kc2 $16) 44... gxf5 45. Qf4 $14) 42... d1=Q {( -> ...Qg1+). KQ-KQ} 43. Qe4 Qxb3+ 44. Kh4 {Black must now prevent f5.} (44. Qf3 $5 {[%cal Rf3b3]} Qxc4 45. f5 $11) 44... Qc3 45. f5 Qf6+ 46. Kg4 c6 47. Kf3 Kb2 48. Qe6 Qh4 49. Qe5+ (49. f6 $5 {[%cal Re6e5]} Qh1+ 50. Kg3 Qg1+ 51. Kh3 Qf1+ 52. Kh4 Qf4+ 53. Kh3 $11) 49... Qd4 $1 {[%cal Rd4e5]} 50. Qf4 {Threatens to win with f6.} ({Much worse is} 50. Qxd4+ cxd4 51. Ke4 (51. f6 $2 d3 $19) 51... Kc3 $17) 50... Qf6 51. Ke2 Kb3 52. Qe3+ Kb4 53. Qe6 Qg5 54. Qg6 {Strongly threatening Qxg5.} Qe7+ (54... Qh4 {is interesting.} 55. f6 Qxc4+ 56. Kf3 Qf1+ 57. Ke3 Qc1+) 55. Kf3 Qe1 ({But not} 55... Kxc4 $2 56. Qe6+ Qxe6 57. fxe6 $18) 56. Qxh6 Qd1+ 57. Kg3 Kxc4 58. Qe6+ Kb4 $2 {[%mdl 8192]} (58... Kb5 $1 $11) 59. f6 $1 $18 Qg1+ 60. Kh4 $2 (60. Kf4 $1 $18) 60... Qf2+ $2 {[%mdl 8192]} (60... c4 $11 {and Black has nothing to worry.}) 61. Kg5 Qd2+ 62. Kg6 Qd3+ 63. Kh6 $2 (63. Kh5 $18 {is more deadly. aiming for f7.} Kb5 64. f7 Qf3+ 65. Kg6 Qg3+ 66. Kh7) 63... Qd2+ $16 64. Kg7 $1 {f7 is the strong threat.} Qd4 65. Kf7 Qf4 66. Qe7 $2 (66. Ke7 $18) 66... Qg5 $2 {[%mdl 8192]} (66... Kb5 $11) 67. Ke8 $18 Qg8+ 68. Kd7 Qg4+ 69. Kc7 (69. Qe6 $142 Qd4+ 70. Kxc6 Qd3 71. f7 Qa6+ 72. Kd7 Qb7+ 73. Kd6 Qb8+ 74. Ke7 Qc7+ 75. Kf6 Qf4+ 76. Qf5 Qd6+ 77. Kg7 Qg3+ 78. Kf6 Qd6+ 79. Kg7 Qg3+ 80. Kh6) 69... Qf4+ 70. Kb7 Qg5 71. Qe1+ Kb3 72. f7 Qf4 73. Qe7 Qb4+ 74. Kc8 Qg4+ 75. Kc7 Qf4+ 76. Kd7 Qd4+ 77. Qd6 Qg7 78. Ke8 c4 79. f8=Q Qxf8+ 80. Kxf8 c3 81. Qc5 (81. Qe5 $142 Kc2 82. Ke7 Kd3 83. Kd6 c2 84. Qf4 Ke2 85. Qc1 Kd3 86. Kxc6) 81... c2 82. Ke7 {Kd6 would kill now.} Kb2 83. Qb4+ Ka2 84. Qc3 Kb1 {[#]} 85. Qb3+ $1 Kc1 86. Kd6 Kd2 87. Qb4+ Kd1 88. Qd4+ Kc1 (88... Ke1 {keeps fighting.} 89. Qe3+ Kd1 90. Qd3+ Kc1) 89. Qc3 Kd1 {[#]} 90. Qd3+ $1 Kc1 91. Ke5 $2 ({White has to play} 91. Kd7 $18) 91... c5 $1 $11 {The position is equal.} 92. Kd5 Kb2 93. Qb5+ Kc3 94. Qxc5+ Kb2 $1 95. Qb5+ Ka2 96. Qe2 Ka1 $1 97. Qd2 {Intending Qc1+ and mate.} Kb1 98. Qd3 Kb2 99. Qd2 {White threatens Kc4 and mate.} Kb1 100. Qb4+ Ka2 101. Qe1 {Threatening mate with Qc1.} (101. Qc3 $5 {[%cal Rc3c2]} Kb1 102. Qg7 $11 (102. Qb3+ Ka1 $11)) 101... Kb2 102. Qe2 {White wants to mate with Kc4.} (102. Qf2 $5 {[%cal Rd5c4]} Kb1 103. Ke4 $11) 102... Ka1 $1 103. Qxc2 $2 {[%mdl 8192] Precision: White = 66%, Black = 67%.} (103. Qe5+ Ka2 104. Qc3) 1/2-1/2

[Event "EICC 2017"]
[Site "Minsk"]
[Date "2017.05.31"]
[Round "2"]
[White "Fridman, Daniel"]
[Black "Kobo, Ori"]
[Result "1-0"]
[WhiteElo "2605"]
[BlackElo "2476"]
[Annotator "TA"]
[PlyCount "103"]
[EventDate "2017.??.??"]
[EventCountry "BLR"]
[SourceTitle "playchess.com"]
[Source "ChessBase"]
[SourceQuality "1"]

{[%evp 13,103,32,35,35,34,27,27,27,26,26,26,37,27,28,41,31,30,33,36,35,22,0,0,0,27,25,2,0,85,87,92,85,80,37,45,38,43,30,33,38,31,28,41,41,35,35,91,87,91,73,77,68,63,47,47,40,62,62,60,50,58,10,27,27,27,27,27,27,27,27,51,51,98,100,117,117,117,119,119,129,119,101,156,108,233,226,235,233,635,628,621,614]} 1. c4 e5 2. g3 Nc6 3. Bg2 Bc5 4. Nc3 a6 5. Nf3 d6 6. e3 {A25: English Opening vs King's Indian with ...Nc6 but without early d3} (6. d3 Nf6 7. O-O h6 8. a3 O-O 9. b4 Ba7 10. Bb2 Re8 11. e3 Ne7 12. Nd2 Rb8 13. Nde4 Ng6 14. Rc1 c6 15. c5 Nxe4 16. Nxe4 d5 17. Nd6 Bd7 18. Nxe8 Qxe8 {0-1 (44) Grischuk,A (2754)-Carlsen,M (2857) chess.com INT 2016}) 6... Ba7 7. d4 exd4 {LiveBook: 3 Games} 8. exd4 {White is slightly better.} Bg4 9. Be3 Nge7 10. h3 Bxf3 11. Bxf3 Nf5 {[%cal Rf5d4]} 12. Bxc6+ $146 ({Predecessor:} 12. Qd3 Nfxd4 13. Bxd4 Nxd4 14. Bxb7 {½-½ (38) Fridman,D (2597)-Hansen,S (2590) Germany 2016}) 12... bxc6 13. Qd3 Qd7 14. g4 Nxe3 15. fxe3 O-O 16. O-O-O $36 {[%cal Be1c1,Bc1d2,Bd2d3][%mdl 2080] Black is under pressure.} f5 17. Ne2 Rae8 18. Rdg1 g6 19. Nf4 Qe7 20. Kd2 Qe4 (20... Bb6 $11) 21. gxf5 $16 Rxf5 22. Qxe4 Rxe4 23. Kd3 Rfxf4 $1 24. exf4 Rxd4+ $14 {[%mdl 4096] Endgame KRR-KRB} 25. Kc3 Rxf4 {[#] Strongly threatening ...Bd4+.} 26. Rf1 Bd4+ 27. Kb4 {[%mdl 1024] White has compensation.} Bc5+ 28. Kb3 Rh4 29. Rf3 Kg7 ({Better is} 29... Bd4 $14) 30. Re1 $16 {[#] aiming for Re7+.} Kh6 31. Re7 Bb6 32. Kc3 a5 33. b3 Kg5 34. Kd3 Rd4+ 35. Ke2 Rh4 36. Kf1 a4 37. Kg2 axb3 38. axb3 h5 39. c5 Bxc5 40. Rxc7 Rd4 41. Rxc6 Rd2+ 42. Kf1 Rb2 43. Ra6 h4 44. Ra4 Kh5 45. Re4 Ba3 46. Ke1 Bc5 47. Kd1 Ba3 (47... g5 $142 48. Re6 Rh2) 48. Rd3 Bc5 (48... g5 $16 49. Rc4 d5) 49. Kc1 $18 Rh2 50. b4 Bf2 $2 (50... Bb6 51. Re6 Rh1+ 52. Kc2 Bf2) 51. Re2 g5 52. Kd2 {Precision: White = 75%, Black = 63%.} 1-0

[Event "EICC 2017"]
[Site "Minsk"]
[Date "2017.05.31"]
[Round "2"]
[White "Bosiocic, Marin"]
[Black "Paehtz, Elisabeth"]
[Result "1-0"]
[WhiteElo "2603"]
[BlackElo "2474"]
[Annotator "TA"]
[PlyCount "121"]
[EventDate "2017.??.??"]
[EventCountry "BLR"]
[SourceTitle "playchess.com"]
[Source "ChessBase"]
[SourceQuality "1"]

{[%evp 9,121,8,39,44,52,52,54,40,54,23,61,47,44,55,68,50,90,90,90,40,39,39,43,37,97,-33,-24,-29,-27,-50,-33,-33,-34,-29,-27,-78,-81,-99,0,0,0,0,0,0,41,40,33,33,36,40,35,0,17,4,47,63,39,28,54,46,77,69,55,72,98,113,487,414,667,645,589,589,507,488,563,503,427,486,461,458,448,400,614,640,566,513,1083,824,12837,12837,12837,12838,12837,12839,12839,12839,12839,12839,12841,12841,12841,12839,12839,12839,12841,12841,12841,12841,12842,12842,12842,12843,12843,12843]} 1. d4 d5 2. c4 c6 3. Nf3 Nf6 4. Nc3 a6 5. g3 b5 (5... Bf5 6. Bg2 e6 7. O-O Nbd7 8. Nh4 Bg6 9. cxd5 exd5 10. Nxg6 hxg6 11. e4 dxe4 12. d5 cxd5 13. Nxd5 {1-0 (60) Giri,A (2755)-Le,Q (2723) Baku 2016}) 6. b3 {D15: Slav Defence: 4 Nc3 a6 and gambit lines after 4 Nc3 dxc4} Bf5 7. Bg2 e6 8. Nh4 {White is slightly better.} Bg4 $146 ({Predecessor:} 8... Bb4 9. Bb2 Bg4 10. h3 Bh5 11. a3 Be7 12. g4 Bg6 13. g5 {½-½ (34) Stathopoulos,I (2387)-Rychagov,A (2558) Anogia 2016}) 9. O-O Be7 10. Qd3 Nbd7 11. h3 Bh5 $1 12. g4 Ng8 13. cxd5 cxd5 14. Nf5 Bg6 15. Qf3 Bxf5 16. gxf5 {Threatens to win with e4.} b4 (16... Ndf6 $14) 17. Nxd5 (17. fxe6 $16 fxe6 18. Na4) 17... exd5 $15 18. Qxd5 Rc8 19. e4 {[%cal Be2e4,Be4e5,Be5e6,Be6d7][%mdl 32]} Ngf6 20. Qb7 O-O 21. e5 Nh5 22. Be3 (22. Re1 $11 {keeps the balance.}) 22... Bg5 $1 $17 23. e6 Bxe3 ({Black should try} 23... fxe6 $17 24. fxe6 Nb6) 24. fxe3 $11 Qg5 $1 {[%cal Rg5e3]} 25. exd7 Qxe3+ 26. Rf2 Rb8 27. Qf3 Qxf3 28. Bxf3 Nf6 $1 29. Rc1 {aiming for Rc7.} Rfd8 30. Rc6 Rxd7 31. Rd2 h6 32. Rxa6 Rbd8 33. Ra8 Rxa8 34. Bxa8 {[%mdl 4096] Endgame KRB-KRN} Kf8 {[#]} 35. Bc6 $1 {[%cal Rc6d7]} Ra7 36. Re2 Re7 37. Kf2 Rxe2+ $4 {[%mdl 8192]} (37... g6 $16) 38. Kxe2 $16 {KB-KN} Ke7 (38... Nh5 $142 39. Kd3 Ng3) 39. Kd3 $18 Kd6 40. Bf3 Nd5 41. h4 Nb6 42. Bh5 Ke7 43. Ke4 Nd7 {Strongly threatening ...Nf6+.} 44. Be2 Kd6 45. h5 Nf6+ (45... Kc6 $142 46. Kf4 Kd6) 46. Kd3 {White is clearly winning.} Nd5 47. Bf3 Ne7 (47... Nb6 $142 48. Bh1 f6) 48. Be4 Nd5 {[#]} 49. Bxd5 $1 Kxd5 {KP-KP} 50. Ke3 Kd6 51. Ke4 f6 52. Ke3 Kc6 53. Kd2 Kd6 54. Kc2 Kc6 55. Kb2 Kd5 56. a4 bxa3+ 57. Kxa3 Ke4 58. b4 {[%cal Bb3b4,Bb4b5,Bb5b6][%mdl 32]} Kxf5 59. b5 Ke6 60. b6 Kd6 61. d5 {Precision: White = 75%, Black = 51%.} 1-0